000 00354 a2200133 4500
005 20250701095616.0
020 _a1-57231-373-0
082 _a005-74 MIC
100 _aMICROSOFT,
245 _aMicrosoft Windows NT Technical Support,
260 _aNew York,
_bMicrosoft Press,
_c1998.
300 _axxxix;773p: ill; Figure,
_bIndex,
_c25cm.
942 _2ddc
_cBKS
999 _c6502
_d6502